| 000 | 00848nas a2200289 4500 | ||
|---|---|---|---|
| 001 | BR2014002463 | ||
| 003 | BR-BrBNA | ||
| 005 | 20231205123933.0 | ||
| 007 | ta | ||
| 008 | 230509b bl.|||p| |||| 00| 00por d | ||
| 040 |
_aBR-BrBNA _bpor _cBiblioteca Nacional de Agricultura |
||
| 041 | _a(En) | ||
| 072 | _aH10 | ||
| 100 | 1 | _aFrizzas, M.R. | |
| 100 | 1 | _aSilveira Neto, S. | |
| 100 | 1 | _aOliveira, C.M. de | |
| 100 | 1 | _aOmoto, C. | |
| 245 | 1 | _aGenetically modified corn on fall armyworm and earwig populations under field conditions | |
| 650 | _aMILHO | ||
| 650 | _aLAGARTA | ||
| 650 | _aTESOURINHA | ||
| 650 | _aPLANTA TRANSGÊNICA | ||
| 650 | _aINSETICIDA | ||
| 773 | 0 |
_tCiência Rural (Brazil) _xISSN 0103-8478 _g(Feb 2014), v. 44(2) p. 203-209 _wBR2014002463 |
|
| 909 |
_a202311 _bLúcia _c55 _dLúcia Elande |
||
| 942 |
_2AGRIS _n0 _cANA |
||
| 999 |
_c236482 _d236482 |
||